Seguridad, defensa e identidad nacional / Almirante Sigfredo Aramis Pared Pérez (Registro nro. 7534)

Detalles MARC
000 -LEADER
fixed length control field 00566nam a22001931a 4500
001 - CONTROL NUMBER
control field 7534
003 - CONTROL NUMBER IDENTIFIER
control field OSt
005 - DATE AND TIME OF LATEST TRANSACTION
control field 20260204212135.0
008 - FIXED-LENGTH DATA ELEMENTS--GENERAL INFORMATION
fixed length control field 071207s2006||||dr ||||||b||||||||||spa||
020 ## - NUMERO DE LIBRO INTERNACIONAL NORMALIZADO
International Standard Book Number 9945140108
050 ## - LIBRARY OF CONGRESS CALL NUMBER
Classification number RD 623.3 P215s
100 ## - ASIENTO PRINCIPAL -- NOMBRE PERSONAL
Personal name Pared Pérez, Almirante Sigfredo Aramis
245 ## - TÍTULO PROPIAMENTE DICHO: SUBTÍTULO
Title Seguridad, defensa e identidad nacional / Almirante Sigfredo Aramis Pared Pérez
264 ## - PRODUCTION, PUBLICATION, DISTRIBUTION, MANUFACTURE, AND COPYRIGHT NOTICE
Place of production, publication, distribution, manufacture Santo Domingo : Corripio
300 ## - PHYSICAL DESCRIPTION
Extensión 467 p
500 ## - GENERAL NOTE
General note Incluye bibliografía
650 ## - ASIENTO SECUNDARIO DE MATERIA -- TERMINO TEMÁTICO
Termino Temático Como Elemento de Entrada Ingeniería de Defensa 2.Deguridad NacionalÌ
942 ## - ADDED ENTRY ELEMENTS (KOHA)
Source of classification or shelving scheme Dewey Decimal Classification
Koha item type Libros
Existencias
Withdrawn status Lost status Source of classification or shelving scheme Damaged status Not for loan Current library Date acquired Total Checkouts Full call number Barcode Date last seen Price effective from Koha item type
    Dewey Decimal Classification     Biblioteca UTECO 09/09/2019   RD 623.3 P215S 013866 09/09/2019 09/09/2019 Libros
    Dewey Decimal Classification     Biblioteca UTECO 09/09/2019   RD 623.3 P215S 013867 09/09/2019 09/09/2019 Libros
    Dewey Decimal Classification     Biblioteca UTECO 09/09/2019   RD 623.3 P215S 016737 09/09/2019 09/09/2019 Libros
© 2021 Derechos Reservados UTECO - Teléfono: +1 809-585-2291 - Correo electrónico: biblioteca@uteco.edu.do​  
Código postal 43000 ​​
Dirección: Avenida Universitaria No. 100, 
Cotuí, Provincia Sánchez Ramírez, República Dominicana - RNC: 404-00059-6